000 00715nam a2200205Ia 4500
999 _c39484
_d39484
001 6078
003 GE_BSU
005 20190923113858.0
008 181216s1969||||ge |||||||||||||| ||geo||
040 _cGE_BSU
041 _ageo
080 _a821.353.1-1 ა-82
100 _aაროსია, ილია
_94217
245 _aლექსები /
_cილია აროსია ; რედ. მ. ჯგუბურია.
264 _aთბილისი ;
_bსაბჭოთა საქართველო ;
_c1969.
300 _a90 გვ. ;
_c17 სმ.
653 _aლექსები
700 _aჯგუბურია, მ.
_eრედაქტორი
_94218
942 _cBK
_2udc